Estadísticas para Territorios de Ultramar del Reino Unido

Haz click aquí para intentar la prueba.

Estadísticas generales

  • Esta prueba ha sido intentada 164 veces
  • La puntuación promedio es 8 de 14

Estadísticas de respuestas

Territorio% Correcto
Islas Virgenes Británicas
78%
Gibraltar
71%
Islas Malvinas
71%
Islas Caimán
69%
Bermudas
67%
Montserrat
63%
Anguila
61%
Islas Turcas y Caicos
57%
Santa Helena, Ascensión,
and Tristán de Acuña
50%
Islas Pitcairn
49%
Islas Georgias del Sur
y Sandwich del Sur
44%
Territorio Británico en el Océano Índico
33%
Acrotiri y Dhekelia
29%
Territorio Antártico Británico
22%

Distribución de puntuación

Porcentaje por número respondido

Porcentaje de gente con cada puntuación

Historial de tus puntuaciones

No has intentado esta prueba.